000 00603nam a2200217Ia 4500
003 OSt
005 20230605102646.0
008 210423s2017 xx 000 0 und d
020 _a978-81-8484-624-9
040 _cAL
041 _aeng
082 _a305.4 BHAW
100 _aBHARDWAJ (Bhawana);NEGI (Vinod);KUMAR (Suresh)
_9119468
245 _aWomen empowerment: a new perspective
260 _aNew Delhi
_bRegal Publications
_c2017
300 _axii,153
_bHB
365 _b680
_cINR
650 _aWomen Studies
_9119469
906 _aempowerment: ; new ; perspective ; Women
942 _2ddc
_cBK
999 _c176590
_d176590